Maya-Maya Airport Destinations (Brazzaville, Rep. of Congo) - Statistics

General Stats
  • This quiz has been taken 25 times
  • The average score is 12 of 18
Answer Stats
Airline Destination % Correct
Air France Paris (Charles de Gaulle)
100%
Ethiopian Airlines Addis Ababa
95%
RwandAir Kigali
90%
Kenya Airways Nairobi (Jomo Kenyatta)
90%
Air Côte d'Ivoire Abidjan
86%
Royal Air Maroc Casablanca
81%
Air Côte d'Ivoire Accra
76%
Kenya Airways/TAAG Angola Airlines Luanda
76%
Mauritania Airlines Nouakchott
76%
Air Côte d'Ivoire/ASKY Airlines Kinshasa (N'djili)
71%
Camair-Co/Trans Air Congo Douala
62%
ASKY Airlines Lomé
57%
Canadian Airways Congo/Trans Air Congo Pointe-Noire
52%
Mauritania Airlines Bamako
48%
Mauritania Airlines/RwandAir Cotonou
48%
Afrijet/Air Côte d'Ivoire/Trans Air Congo Libreville
43%
Canadian Airways Congo Ouesso
14%
Canadian Airways Congo Impfondo
10%
No matching quizzes found
Score Distribution
Percent of People with Each Score
Percentile by Number Answered
Your Score History
You have not taken this quiz